02120nam a2200409Ia 450000500170000000800410001702000150005808200140007310000250008724500850011225000240019730000430022150000210026453400320028565000200031765000200033765000220035765000230037965000270040265000380042970000410046794200120050826400270052033600270054733700330057433800280060704000350063599900150067095201280068595201270081395201290094095201300106995201260119995201280132595201280145395201290158120220317000643.0160601s2005 mx a g 000 0 spa  a968261006004a530bB25f1 aBennett, Clarence E.10aFísica sin matemáticas cClarence E. Bennett ; traducción Mario J. Velasco a34a. reimpresión  a268 páginas bilustraciones c22 cm  aIncluye índice tPhysics without mathematics142LEMBaFísica 142LEMBaÓptica 142LEMBaMecánica 142LEMBaMagnetismo 142LEMBaTermodinámica 142LEMBaMetodología científica 1 aVelasco, Mario J.etraductor 951917 2ddccBK aMéxico bCecsac2005 atextobtxt2rdacontent asin mediaciónbn2rdamedia avolumenbnc2rdacarrier aCO-BoRNBPbspaerdacCO-BoRNBP c4677d4677 00102ddc40708GENaMEDORADObMEDORADOcGENd2022-12-28l0o530 B25fpDOR00470r2022-12-28 00:00:00tEj.1w2022-12-28yBK 00102ddc40708GENaMEPRICObMEPRICOcGENd2023-02-14l0o530 B25fp000000665r2023-02-14 00:00:00tEj.1w2023-02-14yBK 00102ddc40708GENaMESMARTIbMESMARTIcGENd2023-09-25l0o530 B25fpSM0002661r2023-09-25 16:30:13tEj.1w0000-00-00yBK 00102ddc40708GENaMEMAPIRIbMEMAPIRIcGENd2023-12-27l0o530 B25fpMAP0000612r2023-12-27 14:18:12tEj.1w2023-12-27yBK 00102ddc40708GENaMEURIBEbMEURIBEcGENd2024-07-31l0o530 B25fpURI00661r2024-07-31 11:22:04tEj.1w2024-07-31yBK 00102ddc40708GENaMEBAUPIAbMEBAUPIAcGENd2024-08-06l0o530 B25fpBUP01590r2024-08-06 08:33:51tEj.1w2024-08-06yBK 00102ddc40708GENaMEACACIAbMEACACIAcGENd2025-11-18l0o530 B25fpACA04441r2025-11-18 20:37:23tEj.1w2025-11-18yBK 00102lcc40708GENaMEPCONCObMEPCONCOcGENd2026-02-11l0o530 B25fpPCON00971r2026-02-11 16:13:43tEj.1w2026-02-11yBK